[Event "7th Open"]
[Site "Dubai UAE"]
[Date "2005.04.09"]
[Round "6"]
[White "Sturua,Z"]
[Black "Riazantsev,A"]
[Result "1/2-1/2"]
[WhiteElo "2530"]
[BlackElo "2608"]
[EventDate "2005.04.04"]

1. d4 d5 2. c4 c6 3. Nf3 dxc4 4. e3 Be6 5. a4 Nf6 6. Na3 c5 7. Bxc4 Bxc4 8.
Nxc4 cxd4 9. O-O e6 10. Qb3 Nc6 11. exd4 Qd5 12. Bf4 Bb4 13. Nfe5 O-O 14.
Nxc6 Qxc6 15. Rac1 1/2-1/2

[Event "7th Open"]
[Site "Dubai UAE"]
[Date "2005.04.09"]
[Round "6"]
[White "Ghaem Maghami,E"]
[Black "Adly,A"]
[Result "1/2-1/2"]
[WhiteElo "2632"]
[BlackElo "2484"]
[EventDate "2005.04.04"]

1. c4 e6 2. Nf3 d5 3. g3 Nf6 4. d4 dxc4 5. Qa4+ Nbd7 6. Bg2 a6 7. Qxc4 b5
8. Qc6 Rb8 9. Bf4 Bb7 10. Qxc7 Qxc7 11. Bxc7 Rc8 12. Ba5 Rc1+ 13. Kd2 Rc8
14. Rd1 Nb8 15. Ke1 1/2-1/2

[Event "7th Open"]
[Site "Dubai UAE"]
[Date "2005.04.09"]
[Round "6"]
[White "Burmakin,V"]
[Black "Bu Xiangzhi"]
[Result "1/2-1/2"]
[WhiteElo "2552"]
[BlackElo "2630"]
[EventDate "2005.04.04"]

1. d4 d5 2. c4 c6 3. Nf3 Nf6 4. e3 Bf5 5. Nc3 e6 6. Nh4 Bg6 7. Qb3 Qc7 8.
Nxg6 hxg6 9. g3 Nbd7 10. Bd2 Be7 11. Bg2 Nb6 12. cxd5 exd5 13. Ne2 Nc4 14.
Bc3 Nd6 15. f3 O-O 16. O-O Qb6 17. Rfe1 Rfe8 18. Nc1 g5 19. e4 Nb5 20. a4
Nc7 21. a5 Qxb3 22. Nxb3 Ne6 23. Rac1 a6 24. e5 Nh5 25. Bd2 g6 26. Bf1 Nhg7
27. g4 Nf4 28. Kf2 Nge6 29. Kg3 Kg7 30. Be3 Bb4 31. Red1 Rh8 32. Rc2 Rh7
33. h3 Rah8 34. Rh2 Kf8 35. Bd2 Be7 36. Be3 Bd8 37. Bd2 Ke8 38. Bb4 Bc7 39.
Bd2 Kd7 40. Bxf4 gxf4+ 41. Kf2 Bd8 42. Ke2 Rh4 43. Bg2 Be7 44. Kd3 Bb4 45.
Rc1 Ng5 46. Rch1 Ke6 47. Kc2 Ke7 48. Ra1 Kd7 49. Nc1 Ne6 50. Nd3 Nxd4+ 51.
Kd1 Bf8 52. Nxf4 Ne6 53. Nd3 g5 54. Bf1 Nc5 55. Nxc5+ Bxc5 56. Re2 Rxh3 57.
Bxh3 Rxh3 58. Kc2 Rxf3 59. Rh1 d4 60. Rd2 Ke6 61. b4 Bxb4 62. Rxd4 Bxa5 63.
Rh5 Bc7 64. Rxg5 c5 65. Rd2 Bxe5 66. Rg8 Bd4 67. Rd8 Ke7 68. Rd5 Re3 69. g5
b5 70. Rh2 b4 71. Rh6 b3+ 72. Kd2 Re6 73. Rh1 b2 74. Rb1 Re4 75. Kd3 Re3+
76. Kd2 Rg3 77. Re1+ Kf8 78. Kc2 a5 79. Rf1 Rc3+ 80. Kb1 Ra3 81. Kc2 Ra1
82. Rb1 Kg7 83. Rxb2 Bxb2 84. Kxb2 Rf1 85. Rxc5 a4 86. Ra5 Kg6 87. Kc2 Rf2+
88. Kd3 a3 89. Ke3 Rh2 90. Kf4 a2 91. Ra6+ Kg7 92. Ra8 Rb2 93. Kf5 Rg2 94.
Kf4 Rf2+ 95. Kg4 Rg2+ 96. Kf5 Kh7 97. Kf4 Rf2+ 98. Kg3 Rb2 99. Kf4 Kg6 100.
Ra6+ Kg7 101. Ra8 Rf2+ 102. Kg3 Rb2 103. Kf4 Rg2 104. Kf5 Rf2+ 105. Kg4 f6
106. Kg3 Rb2 107. gxf6+ Kxf6 108. Kf3 Rb3+ 109. Ke4 1/2-1/2

[Event "7th Open"]
[Site "Dubai UAE"]
[Date "2005.04.09"]
[Round "6"]
[White "Kotsur,P"]
[Black "Ibrahimov,R"]
[Result "1/2-1/2"]
[WhiteElo "2599"]
[BlackElo "2511"]
[EventDate "2005.04.04"]

1. d4 Nf6 2. c4 e6 3. g3 c5 4. d5 exd5 5. cxd5 b5 6. Bg2 d6 7. e4 Nbd7 8.
Nf3 g6 9. O-O Bg7 10. Bf4 Qb6 11. e5 dxe5 12. Nxe5 Nxe5 13. Bxe5 O-O 14.
Nc3 Bb7 15. a4 b4 16. Nb5 Ne8 17. Bxg7 Kxg7 18. Qb3 Nf6 19. Rfd1 Rfd8 20.
Rd2 Rd7 21. Rad1 Rad8 22. Bf3 Ba8 23. Kg2 h5 24. h3 Bb7 25. Rd3 Rc8 26.
R3d2 Rcd8 27. Rd3 Ba8 28. R3d2 Bb7 1/2-1/2

[Event "7th Open"]
[Site "Dubai UAE"]
[Date "2005.04.09"]
[Round "6"]
[White "Zhang Pengxiang"]
[Black "Moradiabadi,E"]
[Result "1-0"]
[WhiteElo "2583"]
[BlackElo "2502"]
[EventDate "2005.04.04"]

1. e4 e5 2. Nf3 Nc6 3. d4 exd4 4. Nxd4 Bc5 5. Nb3 Bb6 6. Nc3 d6 7. a4 a6 8.
Nd5 Ba7 9. Qf3 Be6 10. Bd2 Nf6 11. Nxf6+ Qxf6 12. Qxf6 gxf6 13. Bc3 Ke7 14.
Rd1 Rhg8 15. Nd4 Nxd4 16. Bxd4 Bxd4 17. Rxd4 f5 18. exf5 Bxf5 19. Kd2 c6
20. g3 Rg4 21. Rxg4 Bxg4 22. Bd3 h6 23. Re1+ Be6 24. Re4 a5 25. Rh4 Rh8 26.
Ke3 Kf6 27. f4 Kg7 28. f5 Bc8 29. Kf4 Bd7 30. b3 b6 31. Kf3 Kf6 32. c4 Ke5
33. Re4+ Kf6 34. Kf4 h5 35. Rd4 d5 36. cxd5 c5 37. Rc4 Re8 38. h3 Re5 39.
g4 hxg4 40. hxg4 Rxd5 41. g5+ Ke7 42. Be4 Rd1 43. Ke5 Re1 44. f6+ Kd8 45.
Kd6 Rd1+ 46. Ke5 Re1 47. Kf4 Rf1+ 48. Bf3 Be6 49. Rc3 Rb1 50. Rd3+ Kc7 51.
Re3 Kd6 52. Rd3+ Kc7 53. Bd1 Rc1 54. Ke5 c4 55. bxc4 Rxc4 56. Bb3 Rc5+ 57.
Kf4 Bxb3 58. Rxb3 Rc4+ 59. Kf5 Rc5+ 60. Kg4 Rc4+ 61. Kh5 Rxa4 62. Re3 Rd4
63. Re7+ Rd7 64. Rxd7+ 1-0

[Event "7th Open"]
[Site "Dubai UAE"]
[Date "2005.04.09"]
[Round "6"]
[White "Mamedov,Rau"]
[Black "Guseinov,G"]
[Result "1/2-1/2"]
[WhiteElo "2511"]
[BlackElo "2573"]
[EventDate "2005.04.04"]

1. e4 c5 2. Nf3 Nc6 3. d4 cxd4 4. Nxd4 g6 5. Nc3 Bg7 6. Be3 Nf6 7. Bc4 O-O
8. Bb3 a5 9. O-O d6 10. h3 Nxd4 11. Bxd4 Bd7 12. a4 Bc6 13. e5 dxe5 14.
Bxe5 Qxd1 15. Rfxd1 e6 16. Ne2 Ne4 17. Bxg7 Kxg7 18. Nd4 Nc5 19. Nxc6 bxc6
20. Rd6 Nxb3 21. cxb3 Rfb8 22. Rxc6 Rxb3 23. Ra2 Rab8 24. Rc5 Rxb2 25. Rxb2
Rxb2 26. Rxa5 1/2-1/2

[Event "7th Open"]
[Site "Dubai UAE"]
[Date "2005.04.09"]
[Round "6"]
[White "Mariano,N1"]
[Black "Al Modiahki,M"]
[Result "1/2-1/2"]
[WhiteElo "2468"]
[BlackElo "2569"]
[EventDate "2005.04.04"]

1. e4 c5 2. Ne2 d6 3. Nbc3 Nc6 4. g3 g6 5. Bg2 Bg7 6. O-O e5 7. a3 Nge7 8.
b4 O-O 9. Rb1 b6 10. f4 exf4 11. Nxf4 Ne5 12. b5 a6 13. a4 axb5 14. axb5
Ra5 15. h3 Bd7 16. Kh1 Nc4 17. Qe2 Na3 18. Bxa3 Rxa3 19. Ra1 Rxa1 20. Rxa1
Qe8 21. Qd3 Bxb5 22. Qxd6 Nc8 23. Qd5 Bxc3 24. dxc3 Bc6 25. Qd3 Qe5 26. Rd1
Re8 27. c4 Kg7 28. Nd5 Bxd5 29. cxd5 Nd6 30. c4 Ra8 31. Rb1 Ra4 32. Rxb6
Rxc4 33. Rxd6 Rc1+ 34. Kh2 Rc3 35. Qxc3 Qxc3 36. Rc6 Qd4 37. e5 Qxe5 38.
Rxc5 f5 39. Rc6 Qd4 40. Re6 h5 41. h4 f4 42. Re4 fxg3+ 43. Kxg3 Qd3+ 44.
Bf3 Qd2 45. Re2 Qd4 46. Re4 Qd3 47. Kg2 Kf7 48. Kg3 Kf6 49. Rf4+ Kg7 50.
Re4 g5 51. hxg5 Kg6 52. Rh4 Kxg5 1/2-1/2

[Event "7th Open"]
[Site "Dubai UAE"]
[Date "2005.04.09"]
[Round "6"]
[White "Kobalia,M"]
[Black "Gonzales,Jay"]
[Result "1/2-1/2"]
[WhiteElo "2644"]
[BlackElo "2474"]
[EventDate "2005.04.04"]

1. Nf3 d6 2. d4 Bg4 3. e4 Nf6 4. h3 Bh5 5. Bd3 e6 6. c3 c6 7. Nbd2 Be7 8.
Nf1 Bg6 9. Ng3 d5 10. e5 Nfd7 11. Bxg6 hxg6 12. h4 c5 13. Be3 Nc6 14. Qe2
Qb6 15. Kf1 O-O-O 16. Rd1 Kb8 17. Kg1 Rc8 18. h5 gxh5 19. Rxh5 Rxh5 20.
Nxh5 g6 21. Nf6 Bxf6 22. dxc5 Qc7 23. exf6 Nxf6 24. Ng5 Ka8 25. b4 Rh8 26.
g3 Ne4 27. Nxe4 dxe4 28. Qg4 f5 29. Qxg6 Ne5 30. Qf6 Nf3+ 31. Kg2 Rh2+ 32.
Kf1 Rh1+ 33. Ke2 Rxd1 34. Kxd1 Qd7+ 35. Kc1 b6 36. cxb6 axb6 37. Bxb6 Qd2+
38. Kb1 Qd1+ 39. Kb2 Qd2+ 40. Ka3 Qc1+ 41. Ka4 Qd1+ 42. Ka5 Qd5+ 43. Bc5
Ne5 44. Qf8+ Kb7 45. Qg7+ Nd7 46. Kb5 Qc6+ 47. Kc4 Qd5+ 48. Kb5 Qc6+ 49.
Kc4 1/2-1/2

[Event "7th Open"]
[Site "Dubai UAE"]
[Date "2005.04.09"]
[Round "6"]
[White "Djuric,S"]
[Black "Ni Hua"]
[Result "0-1"]
[WhiteElo "2459"]
[BlackElo "2638"]
[EventDate "2005.04.04"]

1. Nf3 c5 2. c4 Nc6 3. d4 cxd4 4. Nxd4 g6 5. e4 Nf6 6. Nc3 d6 7. Be2 Bg7 8.
Be3 O-O 9. O-O Bd7 10. Rc1 Nxd4 11. Bxd4 Bc6 12. Qd3 a5 13. Kh1 Nd7 14.
Bxg7 Kxg7 15. f4 Qb6 16. Qd2 Rad8 17. b3 Nf6 18. Bf3 Rfe8 19. Nd5 Bxd5 20.
cxd5 e5 21. dxe6 Rxe6 22. Rc4 Rde8 23. f5 R6e7 24. h4 h6 25. Qf4 Re5 26.
fxg6 fxg6 27. Bh5 Rf8 28. Rc8 Rxe4 29. Qf3 Nh7 30. Qc3+ Nf6 31. g3 Re3 32.
Rc7+ Kg8 33. Rxf6 Rxf6 34. Rc8+ Kf7 35. Qc4+ Ree6 36. Rc7+ Kf8 37. Rc8+ Kg7
38. Rc7+ Rf7 0-1

[Event "7th Open"]
[Site "Dubai UAE"]
[Date "2005.04.09"]
[Round "6"]
[White "Wang Rui"]
[Black "Volkov,S1"]
[Result "1/2-1/2"]
[WhiteElo "2457"]
[BlackElo "2634"]
[EventDate "2005.04.04"]

1. d4 d5 2. c4 c6 3. Nf3 Nf6 4. Nc3 a6 5. cxd5 cxd5 6. Bf4 Nc6 7. e3 Bg4 8.
Be2 e6 9. O-O Bd6 10. Ne5 Bxe2 11. Nxc6 Bxd1 12. Nxd8 Bxf4 13. Nxb7 Bxe3
14. fxe3 Bh5 15. b4 1/2-1/2

[Event "7th Open"]
[Site "Dubai UAE"]
[Date "2005.04.09"]
[Round "6"]
[White "Sargissian,G"]
[Black "El Taher,F"]
[Result "1-0"]
[WhiteElo "2630"]
[BlackElo "2458"]
[EventDate "2005.04.04"]

1. d4 Nf6 2. Nf3 g6 3. g3 Bg7 4. Bg2 O-O 5. O-O c5 6. c4 Nc6 7. Nc3 d6 8.
d5 Na5 9. Nd2 Rb8 10. Rb1 e6 11. b3 exd5 12. Nxd5 Nxd5 13. cxd5 Re8 14. e4
b5 15. Qc2 Bd7 16. Bb2 Rc8 17. Rfe1 Bxb2 18. Qxb2 f6 19. Re3 c4 20. b4 Nb7
21. Rbe1 Rf8 22. Qc3 a5 23. a3 Qb6 24. f4 axb4 25. axb4 Ra8 26. Nf3 Ra2 27.
Kh1 Bg4 28. Nd4 Bd7 29. Ne6 Bxe6 30. dxe6 Qc7 31. Qd4 Nd8 32. Qd5 Kg7 33.
g4 Re8 34. f5 Nc6 35. Qxb5 Rc8 36. Qxc4 Qa7 37. e5 Ne7 38. exf6+ Kxf6 1-0

[Event "7th Open"]
[Site "Dubai UAE"]
[Date "2005.04.09"]
[Round "6"]
[White "Maric,A"]
[Black "Vladimirov,E"]
[Result "0-1"]
[WhiteElo "2416"]
[BlackElo "2623"]
[EventDate "2005.04.04"]

1. d4 g6 2. c4 Bg7 3. Nf3 d6 4. g3 Nd7 5. Bg2 e5 6. Nc3 Ne7 7. O-O O-O 8.
e4 exd4 9. Nxd4 Nc6 10. Nde2 a5 11. Be3 Nde5 12. b3 a4 13. Qd2 axb3 14.
axb3 Rxa1 15. Rxa1 Qf6 16. f4 Ng4 17. Ra8 Nxe3 18. Qxe3 Nb4 19. h3 h5 20.
h4 c6 21. Kh2 Na6 22. Na4 Qe7 23. Qd2 Bg4 24. Rxf8+ Bxf8 25. Nc1 Nc7 26.
Nd3 Ne8 27. Nf2 Nf6 28. Nc3 Bg7 29. Ncd1 Bxd1 30. Qxd1 Qc7 31. Bf3 Nd7 32.
Kg2 Nc5 33. Nd3 Ne6 34. Nc1 Qa5 35. Qxd6 Nd4 36. Ne2 Qa2 37. Kf2 Nxf3 38.
Kxf3 Qxb3+ 39. Kf2 Qxc4 40. Qb8+ Bf8 41. Qxb7 Qxe4 42. Qa8 Qd5 43. Ke1 Qf3
44. Kd2 Qd5+ 45. Ke1 Qe6 46. Kf2 Qd7 47. Ke1 Kg7 48. Qa1+ Kh7 49. Qc3 Qd5
50. Qd4 Qf3 51. Qc4 Kg8 52. Kd1 Bg7 53. Ke1 Bf6 54. Kd1 Bd8 55. Kc2 Ba5 56.
Kd1 Qe3 57. Qd4 Qb3+ 58. Kc1 Bb6 59. Qb2 Be3+ 60. Kb1 Qxb2+ 61. Kxb2 f5 62.
Kc3 Kf7 63. Kd3 Bf2 64. Kc4 Ke6 65. Kd3 Kd5 66. Nc3+ Kc5 67. Ne2 Kb4 68.
Kc2 c5 69. Kb2 Kc4 70. Kc2 Kd5 0-1

[Event "7th Open"]
[Site "Dubai UAE"]
[Date "2005.04.09"]
[Round "6"]
[White "Minasian,Art"]
[Black "Ravi,L"]
[Result "0-1"]
[WhiteElo "2597"]
[BlackElo "2416"]
[EventDate "2005.04.04"]

1. g3 c5 2. Bg2 Nc6 3. e4 e6 4. d3 d5 5. Nd2 Nf6 6. Ngf3 Be7 7. O-O O-O 8.
Re1 Qc7 9. c3 b6 10. Nf1 dxe4 11. dxe4 Ba6 12. e5 Nd7 13. Qc2 c4 14. b4
cxb3 15. axb3 Bb7 16. Bf4 Nb4 17. Qd2 Nd5 18. Bg5 Nc5 19. Qc2 a5 20. h4 h6
21. Bxe7 Qxe7 22. N1d2 Ba6 23. Bf1 Bxf1 24. Rxf1 b5 25. Nd4 b4 26. Nc6 Qb7
27. cxb4 Nxb4 28. Qxc5 Nxc6 29. Nc4 Ra6 30. Rfb1 Rb8 31. Qe3 Qb5 32. Ra4
Rd8 33. Raa1 Rd4 34. Qc3 Qd5 35. Ne3 Qd7 36. Ra4 Rxa4 37. bxa4 Nd4 38. Rd1
Nf3+ 39. Kg2 Qb7 40. Kh3 Ra8 41. g4 Qe4 0-1

[Event "7th Open"]
[Site "Dubai UAE"]
[Date "2005.04.09"]
[Round "6"]
[White "Karavade,E"]
[Black "Solak,D"]
[Result "0-1"]
[WhiteElo "2355"]
[BlackElo "2582"]
[EventDate "2005.04.04"]

1. Nf3 g6 2. c4 Bg7 3. d4 d6 4. Nc3 Nf6 5. e4 O-O 6. Be2 e5 7. dxe5 dxe5 8.
Qxd8 Rxd8 9. Bg5 Nbd7 10. O-O-O Rf8 11. Nd2 Nc5 12. Be3 Ne6 13. c5 Nf4 14.
Bxf4 exf4 15. f3 c6 16. Bc4 Nd7 17. Nb3 Re8 18. Rhe1 Ne5 19. Bf1 Bf8 20.
Ne2 Be7 21. Kb1 Bh4 22. g3 fxg3 23. Bg2 gxh2 24. Rh1 Rd8 25. Rdf1 Be7 26.
Rc1 Be6 27. Ned4 Bxb3 28. Nxb3 Bg5 29. Rcd1 Rxd1+ 30. Rxd1 Rd8 31. Rh1 Bf4
0-1

[Event "7th Open"]
[Site "Dubai UAE"]
[Date "2005.04.09"]
[Round "6"]
[White "Fedorchuk,S"]
[Black "Kayumov,S"]
[Result "1/2-1/2"]
[WhiteElo "2577"]
[BlackElo "2400"]
[EventDate "2005.04.04"]

1. e4 e5 2. Nf3 Nc6 3. Bb5 Nf6 4. O-O Nxe4 5. d4 Nd6 6. Bxc6 dxc6 7. dxe5
Nf5 8. Qxd8+ Kxd8 9. Nc3 h6 10. h3 Ne7 11. Rd1+ Ke8 12. Nd4 Ng6 13. f4 Bc5
14. Be3 h5 15. Ne4 Bxd4 16. Rxd4 b6 17. Rad1 Bf5 18. Ng3 Ne7 19. Nxf5 Nxf5
20. R4d3 h4 21. Kf2 a5 22. Kf3 Rh5 23. Bf2 1/2-1/2

[Event "7th Open"]
[Site "Dubai UAE"]
[Date "2005.04.09"]
[Round "6"]
[White "Sandipan,C"]
[Black "Huang Qian"]
[Result "1-0"]
[WhiteElo "2558"]
[BlackElo "2382"]
[EventDate "2005.04.04"]

1. d4 Nf6 2. c4 g6 3. Nc3 Bg7 4. e4 d6 5. Nf3 O-O 6. Be2 e5 7. Be3 Ng4 8.
Bg5 f6 9. Bc1 exd4 10. Nxd4 f5 11. O-O fxe4 12. Bxg4 Bxg4 13. Qxg4 Bxd4 14.
Bh6 Bg7 15. Bxg7 Kxg7 16. Qxe4 Nc6 17. Nd5 Qd7 18. Qe3 Kg8 19. Qc3 Qf7 20.
Rae1 Rac8 21. Qb3 Rb8 22. f4 Qg7 23. Re4 Kh8 24. Rfe1 a6 25. Qc2 Rf7 26.
Nxc7 Re7 27. Nd5 Rxe4 28. Rxe4 Rf8 29. Qc3 Qxc3 30. Nxc3 Kg7 31. g3 Kf7 32.
Re1 Rd8 33. Kf2 h6 34. Rd1 Ke6 35. Kf3 Rf8 36. Ke3 Rd8 37. Ne4 b6 38. Nc3
Kf7 39. b3 Ne7 40. g4 Kf6 41. a4 Rc8 42. Ke4 Rc5 43. Ne2 Rc8 44. f5 gxf5+
45. gxf5 Kf7 46. f6 Ng8 47. Rf1 Ke6 48. Nf4+ Kxf6 49. Nd5+ Ke6 50. Nxb6 Rb8
51. Nd5 a5 52. Kd4 h5 53. Kc3 Ke5 54. Rf7 1-0

[Event "7th Open"]
[Site "Dubai UAE"]
[Date "2005.04.09"]
[Round "6"]
[White "Rohit,G"]
[Black "Sulskis,S"]
[Result "1-0"]
[WhiteElo "2352"]
[BlackElo "2545"]
[EventDate "2005.04.04"]

1. e4 c5 2. Nf3 Nf6 3. e5 Nd5 4. Nc3 e6 5. g3 Nxc3 6. dxc3 b6 7. Bg2 Bb7 8.
Bf4 Be7 9. h4 Qc7 10. Qe2 d5 11. exd6 Bxd6 12. Bxd6 Qxd6 13. Rd1 Qc6 14.
O-O O-O 15. Rd2 Nd7 16. Rfd1 Nf6 17. Rd6 Qa4 18. Ne5 Bxg2 19. Kxg2 Qxa2 20.
b3 Nd5 21. Rd3 h6 22. Rf3 Rae8 23. Rd7 f5 24. Ng6 Nf6 25. Nxf8 Kxf8 26. Rd6
h5 27. Re3 e5 28. Rxe5 Rxe5 29. Qxe5 Qxc2 30. Qe6 Qe4+ 31. Qxe4 Nxe4 32.
Rd7 Nxc3 33. Rxa7 b5 34. Rc7 c4 35. bxc4 bxc4 36. Rxc4 Ne4 37. Rc7 Nd6 38.
Kf3 g6 39. Kf4 Nf7 40. Ke3 Kg7 41. Kd4 Kf6 42. Rc6+ Kg7 43. Kd5 f4 44. gxf4
Nh6 45. Ke6 Nf5 46. Rc7+ Kh6 47. Kf6 Nd4 48. Re7 Nf5 49. Rd7 1-0

[Event "7th Open"]
[Site "Dubai UAE"]
[Date "2005.04.09"]
[Round "6"]
[White "Svetushkin,D"]
[Black "Gupta,Ab"]
[Result "0-1"]
[WhiteElo "2530"]
[BlackElo "2361"]
[EventDate "2005.04.04"]

1. d4 d5 2. c4 c6 3. Nf3 Nf6 4. e3 a6 5. Bd3 Bg4 6. Nbd2 Nbd7 7. Qc2 e6 8.
b3 Bd6 9. Bb2 Qb8 10. O-O O-O 11. h3 Bh5 12. Ng5 Bg6 13. Bxg6 hxg6 14. Ndf3
b5 15. Rad1 a5 16. Ba1 a4 17. e4 axb3 18. axb3 Bf4 19. e5 Bxg5 20. Nxg5 Nh7
21. Nf3 bxc4 22. bxc4 Qa7 23. Rb1 Nb6 24. Nd2 Rfc8 25. Rb3 Nxc4 26. Nxc4
dxc4 27. Qxc4 Nf8 28. h4 Nd7 29. Qe2 c5 30. h5 Nf8 31. hxg6 Nxg6 32. d5
exd5 33. Qh5 Re8 34. Rh3 Qxa1 35. Rxa1 Rxa1+ 36. Kh2 Rxe5 37. Qg4 Ra8 38.
Qd7 Rae8 39. Rf3 Rh5+ 40. Rh3 Rxh3+ 41. gxh3 Re5 42. Qc8+ Nf8 43. Qxc5 Rf5
44. Kg3 g6 45. h4 Ne6 46. Qc8+ Kh7 47. Qb7 Nc5 48. Qe7 Ne4+ 49. Kg4 Nxf2+
50. Kg3 Ne4+ 51. Kh3 Kg7 52. Kg4 Nf6+ 53. Kg3 d4 54. Qe1 d3 55. Kg2 Rd5 56.
Qd2 Rd4 57. Kh3 Rd7 58. Kg2 Ne4 59. Qb2+ Kh7 60. Qb5 Nf6 61. Qb1 d2 62. Qd1
Ne4 63. h5 Nc3 64. hxg6+ fxg6 0-1

[Event "7th Open"]
[Site "Dubai UAE"]
[Date "2005.04.09"]
[Round "6"]
[White "Mchedlishvili,M"]
[Black "Sai,Sr"]
[Result "1/2-1/2"]
[WhiteElo "2518"]
[BlackElo "2355"]
[EventDate "2005.04.04"]

1. c4 c5 2. Nf3 Nf6 3. Nc3 d5 4. cxd5 Nxd5 5. g3 Nc6 6. Bg2 Nc7 7. O-O e5
8. b3 Be7 9. Bb2 Be6 10. Rc1 f6 11. e3 O-O 12. d4 cxd4 13. exd4 exd4 14.
Ne2 Bd5 15. Nf4 Be4 16. Re1 f5 17. Nxd4 Bxg2 18. Kxg2 Nxd4 19. Qxd4 Qxd4
20. Bxd4 Bd6 21. Nh5 Ne8 22. Re6 g6 23. Nf4 Bxf4 24. gxf4 Rf7 25. Re2 a6
26. Re6 Nc7 27. Rd6 Nb5 28. Rd5 Nxd4 1/2-1/2

[Event "7th Open"]
[Site "Dubai UAE"]
[Date "2005.04.09"]
[Round "6"]
[White "Koneru,H"]
[Black "Balaji,G"]
[Result "1-0"]
[WhiteElo "2508"]
[BlackElo "2298"]
[EventDate "2005.04.04"]

1. d4 Nf6 2. c4 g6 3. g3 Bg7 4. Bg2 O-O 5. e4 d6 6. Ne2 e5 7. O-O c6 8.
Nbc3 Nbd7 9. h3 Qa5 10. Be3 Re8 11. a3 exd4 12. Bxd4 a6 13. f4 b5 14. b4
Qc7 15. c5 dxc5 16. bxc5 Bb7 17. Rc1 Nf8 18. e5 N6d7 19. Ne4 Ne6 20. Nd6
Nxd4 21. Nxd4 Re7 22. Nxb7 1-0

[Event "7th Open"]
[Site "Dubai UAE"]
[Date "2005.04.09"]
[Round "6"]
[White "Sundararajan,K"]
[Black "Doostkam,P"]
[Result "1-0"]
[WhiteElo "2491"]
[BlackElo "2228"]
[EventDate "2005.04.04"]

1. d4 d6 2. Nf3 g6 3. c3 Bg7 4. e4 Nf6 5. Bd3 O-O 6. O-O c5 7. dxc5 dxc5 8.
Qe2 Nc6 9. h3 Qc7 10. Re1 b6 11. e5 Ne8 12. Bf4 Bb7 13. Nbd2 Rd8 14. Rad1
Qc8 15. Ne4 Nc7 16. Bg3 Ba6 17. e6 f5 18. Bxa6 Nxa6 19. Rxd8 Nxd8 20. Nd6
Qc6 21. Qxa6 f4 22. Nc8 Qc7 23. Bh4 Nc6 24. Nxe7+ Nxe7 25. Qc4 Bf6 26. Bxf6
Rxf6 27. Rd1 Qc6 28. Ng5 h6 29. Ne4 Rf8 30. Rd7 1-0

[Event "7th Open"]
[Site "Dubai UAE"]
[Date "2005.04.09"]
[Round "6"]
[White "Gurieli,N"]
[Black "Sorokin,M"]
[Result "1/2-1/2"]
[WhiteElo "2348"]
[BlackElo "2599"]
[EventDate "2005.04.04"]

1. e4 c5 2. Nf3 Nc6 3. c3 Nf6 4. e5 Nd5 5. d4 cxd4 6. cxd4 d6 7. Bc4 Nb6 8.
Bb5 dxe5 9. Nxe5 Bd7 10. Bxc6 Bxc6 11. Nxc6 bxc6 12. O-O g6 13. Re1 Bg7 14.
Bg5 Nc8 15. Qf3 O-O 16. Qxc6 Rb8 17. Nc3 Rb6 18. Qf3 Rxb2 19. Nd5 Rb7 20.
Rac1 Rd7 21. Rxc8 Qxc8 22. Nxe7+ Rxe7 23. Rxe7 Bxd4 24. g3 Qc5 25. Rd7
Bxf2+ 26. Qxf2 Qxg5 27. Rxa7 Qd5 28. Qg2 Qe5 29. Qb7 Rd8 1/2-1/2

[Event "7th Open"]
[Site "Dubai UAE"]
[Date "2005.04.09"]
[Round "6"]
[White "Al Zendani,Z"]
[Black "Areshchenko,A"]
[Result "0-1"]
[WhiteElo "2332"]
[BlackElo "2595"]
[EventDate "2005.04.04"]

1. e4 c5 2. Ne2 d6 3. g3 g6 4. Bg2 Bg7 5. O-O Nc6 6. c3 e5 7. Na3 Nge7 8.
d3 O-O 9. Be3 b6 10. Qd2 Bb7 11. c4 f5 12. Bh6 Bxh6 13. Qxh6 Nd4 14. Nxd4
cxd4 15. exf5 Nxf5 16. Qh3 Rb8 17. Bxb7 Rxb7 18. Nc2 b5 19. Na3 bxc4 20.
Nxc4 Re8 21. Rfe1 Rbe7 22. b4 e4 23. Na5 Qb6 24. Rac1 Re6 25. f4 Ne3 26. f5
Nxf5 27. dxe4 d5 0-1

[Event "7th Open"]
[Site "Dubai UAE"]
[Date "2005.04.09"]
[Round "6"]
[White "Eid,Fa"]
[Black "Xu Yuhua"]
[Result "0-1"]
[WhiteElo "2332"]
[BlackElo "2478"]
[EventDate "2005.04.04"]

1. e4 c5 2. a3 e6 3. b4 d5 4. exd5 exd5 5. Bb5+ Nc6 6. Qe2+ Be6 7. bxc5
Bxc5 8. Nf3 Nf6 9. d4 Bd6 10. Ng5 Qd7 11. Nxe6 fxe6 12. O-O O-O 13. Bb2
Rae8 14. Nd2 a6 15. Bd3 e5 16. dxe5 Nxe5 17. Qd1 Nfg4 18. Bxe5 Bxe5 19. h3
Bxa1 20. hxg4 Be5 21. g3 g6 22. Kg2 Re7 23. f4 Bc3 24. g5 Rfe8 25. Nf3 Qa4
26. Rh1 Qc6 27. Qg1 Bg7 28. Qf2 b6 29. Rb1 b5 30. g4 Re4 31. Bxe4 dxe4 32.
Ne1 Qd5 33. Qe2 Qd6 34. Qe3 Bd4 35. Rd1 Bxe3 36. Rxd6 Bxf4 37. Rxa6 Rd8 38.
Re6 Rd2+ 39. Kf1 e3 40. Ng2 Rf2+ 41. Kg1 Bxg5 42. Nxe3 Re2 43. Re5 Bxe3+
44. Kf1 Rf2+ 45. Ke1 Ba7 0-1

[Event "7th Open"]
[Site "Dubai UAE"]
[Date "2005.04.09"]
[Round "6"]
[White "Al Sayed,Mohamad"]
[Black "Safarli,E"]
[Result "1-0"]
[WhiteElo "2476"]
[BlackElo "2328"]
[EventDate "2005.04.04"]

1. e4 c5 2. Nf3 e6 3. d4 cxd4 4. Nxd4 Nf6 5. Nc3 d6 6. g4 h6 7. h4 Nc6 8.
Rg1 h5 9. gxh5 Nxh5 10. Bg5 Nf6 11. Qd2 Qb6 12. Nb3 a6 13. O-O-O Bd7 14.
Rg3 Qc7 15. Bg2 Be7 16. Kb1 Rh7 17. Re1 Nh5 18. Bxe7 Nxe7 19. Rd3 Bc6 20.
Rxd6 Rd8 21. Rxd8+ Qxd8 22. Qe3 Nf6 23. Qg3 Nh5 24. Qh2 Ng6 25. Rd1 Qc8 26.
Qd6 Nf6 27. Na5 Nd7 28. Nc4 b5 29. Na5 Ne7 30. a4 Rxh4 31. axb5 axb5 32.
Qg3 Rh6 33. Bf1 Rg6 34. Qh4 Rh6 35. Qg5 Rg6 36. Qd2 Rg1 37. Nxb5 Bxb5 38.
Bxb5 Rxd1+ 39. Qxd1 Qc7 40. Nc4 Nc6 41. Qd6 Qxd6 42. Nxd6+ Ke7 43. Nxf7
Kxf7 44. Bxc6 Ne5 45. Bb5 Nf3 46. Kc1 Kf6 47. Be2 Ng5 48. f3 Ke5 49. b4 Nf7
50. Kd2 g5 51. Ke3 Nd8 52. Bb5 Kd6 53. c4 e5 54. c5+ Kc7 55. Be8 Ne6 56.
Kd3 Nd4 57. Bh5 Ne6 58. Kc4 Kb7 59. b5 Kc7 60. b6+ Kb7 61. Bf7 Nd4 62. Kd5
Nxf3 63. Kd6 Nd4 64. Bd5+ Ka6 65. Kxe5 Nc2 66. Kf5 Nb4 67. Kxg5 Kb5 68. b7
Na6 69. c6 Kb6 70. e5 Kc7 71. Kf6 1-0

[Event "7th Open"]
[Site "Dubai UAE"]
[Date "2005.04.09"]
[Round "6"]
[White "Najjar,A"]
[Black "Ramesh,R"]
[Result "0-1"]
[WhiteElo "2322"]
[BlackElo "2466"]
[EventDate "2005.04.04"]

1. d4 Nf6 2. Nf3 e6 3. e3 b6 4. Be2 Bb7 5. O-O Be7 6. c4 O-O 7. Nc3 d5 8.
cxd5 exd5 9. Bd2 c5 10. Rc1 Nbd7 11. Qa4 a6 12. dxc5 bxc5 13. Rfd1 Bd6 14.
Qh4 Re8 15. h3 Rb8 16. a3 h6 17. Rc2 Nf8 18. Bd3 Ng6 19. Bxg6 fxg6 20. Qa4
Qc8 21. Ne1 Bc6 22. Qa5 Rb3 23. Bc1 Qb7 24. Nd3 d4 25. Na4 Bxg2 26. f4 Bxh3
27. Ndxc5 Qf3 28. Qe1 Bxc5 29. Nxc5 Rexe3 30. Bxe3 Rxe3 31. Qd2 d3 32. Nxd3
Ne4 33. Qc1 Re2 34. Rxe2 Qxe2 0-1

[Event "7th Open"]
[Site "Dubai UAE"]
[Date "2005.04.09"]
[Round "6"]
[White "Aleskerov,F"]
[Black "Sale,S"]
[Result "1-0"]
[WhiteElo "2319"]
[BlackElo "2449"]
[EventDate "2005.04.04"]

1. e4 c5 2. c4 Nc6 3. g3 g6 4. Bg2 Bg7 5. Ne2 a6 6. Nbc3 b5 7. d3 Rb8 8.
O-O d6 9. f4 Bd7 10. f5 Nf6 11. Nf4 Ne5 12. cxb5 axb5 13. h3 b4 14. Nce2
Bb5 15. g4 g5 16. Nd5 Nxd5 17. exd5 Nxd3 18. Bxg5 Nxb2 19. Qc2 Be5 20. Bf4
Nd3 21. Bxe5 Nxe5 22. f6 exf6 23. Rf4 Bd3 24. Qd2 f5 25. Ng3 fxg4 26. Re1
Qg5 27. h4 Qg6 28. Qf2 O-O 29. Rxe5 dxe5 30. Rf6 Qg7 31. Nh5 Qh8 32. Rc6 f6
33. d6 Kf7 34. Qe3 Bc4 35. Rc7+ Kg6 36. Ng3 Bf7 37. h5+ Kg7 38. Nf5+ Kg8
39. Ne7+ 1-0

[Event "7th Open"]
[Site "Dubai UAE"]
[Date "2005.04.09"]
[Round "6"]
[White "Tissir,M"]
[Black "Simonsen,H"]
[Result "1/2-1/2"]
[WhiteElo "2442"]
[BlackElo "2317"]
[EventDate "2005.04.04"]

1. e4 e6 2. d4 d5 3. Nd2 dxe4 4. Nxe4 Bd7 5. Nf3 Bc6 6. Bd3 Nd7 7. O-O Ngf6
8. Ned2 Be7 9. Nc4 O-O 10. Nce5 Bd5 11. c4 Bxf3 12. Qxf3 c6 1/2-1/2

[Event "7th Open"]
[Site "Dubai UAE"]
[Date "2005.04.09"]
[Round "6"]
[White "Kulicov,O"]
[Black "Poulsen,Ma"]
[Result "0-1"]
[WhiteElo "2402"]
[BlackElo "2285"]
[EventDate "2005.04.04"]

1. Nf3 d5 2. c4 e6 3. g3 c6 4. b3 Be7 5. Bb2 Bf6 6. Nc3 e5 7. d3 d4 8. Nb1
c5 9. b4 cxb4 10. a3 bxa3 11. Bxa3 Nc6 12. Nbd2 Be7 13. Bg2 Nf6 14. O-O O-O
15. Qa4 Bd7 16. Rfb1 b6 17. Ne1 Qc7 18. Bxe7 Nxe7 19. Qa6 Bc6 20. Nc2 Bxg2
21. Kxg2 Nd7 22. Qa3 Nc5 23. Nb3 Ne6 24. Kg1 Ng6 25. Nb4 Qd7 26. Qa4 Qd8
27. Nd2 Qg5 28. Nf3 Qh5 29. Nd5 e4 30. dxe4 d3 31. Ra3 dxe2 32. Qc2 Rfe8
33. Qxe2 Ng5 34. Nd4 Qxe2 35. Nxe2 Rxe4 36. Nec3 Rxc4 37. Rxb6 Re8 38. Rxa7
Re1+ 39. Kg2 Nh4+ 0-1